| 000 | 00803nam a2200229 a 4500 | ||
|---|---|---|---|
| 001 | 000025305 | ||
| 005 | 20250606121936.0 | ||
| 008 | 110214s1979 dr 000 0 spa d | ||
| 040 |
_aDO-SdBNP _bspa _cBNPHU |
||
| 082 |
_a972.93 _bF825s |
||
| 100 | 1 |
_aFranco, Franklin J. _919014 |
|
| 245 | 1 | 0 |
_aSanto Domingo : _bcultura, política e ideología / _cFranklin J. Franco. |
| 254 | _aIncluye bibliografía y notas al final de capítulos. | ||
| 260 |
_aSanto Domingo : _bNacional, _c1979. _fPerfil |
||
| 300 |
_a192 p. ; _c21 cm. |
||
| 590 | _aInventariado, 2020/BT | ||
| 650 | 0 |
_aIdentidad nacional _92163 |
|
| 650 | 4 |
_aNacionalismo y cultura _922911 |
|
| 650 | 4 |
_aIntelectuales _xActividad politica _934415 |
|
| 651 | 4 |
_aRepública Dominicana _xHistoria _9170 |
|
| 910 | _aValidado. Control de calidad EMS | ||
| 999 |
_c24798 _d24798 |
||